Les Simpson - Titre des épisodes (saison 13) - Statistiques

Statistiques générales
  • Ce quiz a été pris 15 fois
  • Le résultat moyen est 15 sur 22
Statistiques - réponses
Question Réponse % Correct
Un homme et ... deux femmes
100%
Tout sur ... Homer
100%
To Bart or not ... to Bart
100%
Les parents ... trinquent
100%
Aventures ... au Brésil
86%
Flic ... de choc
86%
Les maux ... de Moe
86%
La vieille peur ... d'Homer
86%
Simpson Horror ... Show XII
86%
Aphrodite ... Burns
71%
L'herbe ... médicinale
71%
Sans foi ... ni toit
71%
Une chaise ... pour deux
71%
La dernière folie ... de grand-père
57%
La double vie ... de Lisa
57%
Papa ... furax
57%
La passion ... selon Bart
57%
Proposition ... à demi-indécente
43%
La chasse ... au sucre
43%
Adieu ... cow-boy
43%
Austère ... Homer
43%
Apu ... puni
29%
Aucun quiz correspondant
Distribution des résultats
% des personnes avec chaque résultat
Percentile par nombre de réponses
Votre historique - résultats
Vous n’avez pas pris ce quiz